[Event "SVK-chT2B 2324"]
[Site "Slovakia"]
[Date "2024.03.17"]
[Round "11.5"]
[White "Michalec, Juraj"]
[Black "Beres, Lukas"]
[Result "0-1"]
[WhiteElo "1803"]
[BlackElo "2015"]
[PlyCount "78"]
[EventDate "2023.10.07"]
[EventType "team-tourn"]
[EventRounds "11"]
[EventCountry "SVK"]
[SourceTitle "EXT 2025"]
[Source "ChessBase"]
[SourceDate "2024.10.14"]
[SourceVersion "1"]
[SourceVersionDate "2024.10.14"]
[SourceQuality "1"]
[WhiteTeam "Prievidza II"]
[BlackTeam "Tlmace"]
[WhiteTeamCountry "SVK"]
[BlackTeamCountry "SVK"]

1. e4 c6 2. d4 d6 3. c4 Nd7 4. Nc3 e5 5. Nf3 Ngf6 6. Be2 Qc7 7. 0-0 Be7 8. h3 0-0 9. Be3 Re8 10. Rc1 Nf8 11. b4 a5 12. a3 Bd7 13. Qb3 b6 14. d5 c5 15. bxc5 bxc5 16. Nb5 Bxb5 17. cxb5 N8d7 18. Nd2 Nb6 19. a4 Nfd7 20. Rb1 Rf8 21. Rbc1 g6 22. Rc2 Qd8 23. Bh6 Re8 24. Be3 Bg5 25. Ra2 Rf8 26. Nc4 Nxc4 27. Bxc4 Nb6 28. Rc1 Ra7 29. Qc3 f5 30. f3 Qf6 31. Bb3 Raf7 32. exf5 Qxf5 33. Rd1 Bxe3+ 34. Qxe3 Qf4 35. Qe4 Qg3 36. Kh1 Rf4 37. Qe2 e4 38. fxe4 Rf2 39. Qg4 Rf1+ 0-1

[Event "SVK-chT2B 2324"]
[Site "Slovakia"]
[Date "2024.03.16"]
[Round "10.6"]
[White "Michalec, Juraj"]
[Black "Papp, Gabor3"]
[Result "0-1"]
[WhiteElo "1803"]
[BlackElo "1713"]
[PlyCount "52"]
[EventDate "2023.10.07"]
[EventType "team-tourn"]
[EventRounds "11"]
[EventCountry "SVK"]
[SourceTitle "EXT 2025"]
[Source "ChessBase"]
[SourceDate "2024.10.14"]
[SourceVersion "1"]
[SourceVersionDate "2024.10.14"]
[SourceQuality "1"]
[WhiteTeam "Prievidza II"]
[BlackTeam "Levice III"]
[WhiteTeamCountry "SVK"]
[BlackTeamCountry "SVK"]

1. e4 e6 2. d4 d5 3. Nc3 Nf6 4. Bg5 Be7 5. e5 Nfd7 6. Bxe7 Qxe7 7. f4 a6 8. Nf3 c5 9. Qd2 Nc6 10. Rd1 0-0 11. Be2 f6 12. exf6 Nxf6 13. 0-0 Bd7 14. Rfe1 Be8 15. Bf1 Bh5 16. Ne2 Ne4 17. Qe3 Nb4 18. Qb3 a5 19. Nc3 Rxf4 20. Be2 c4 21. Qa4 Nxc3 22. bxc3 b5 23. Qxb5 Nxc2 24. Bxc4 Nxe1 25. Rxe1 Bxf3 26. gxf3 dxc4 0-1

[Event "SVK-chT2B 2324"]
[Site "Slovakia"]
[Date "2024.02.11"]
[Round "9.6"]
[White "Tokar, Zdenko"]
[Black "Michalec, Juraj"]
[Result "1/2-1/2"]
[WhiteElo "1930"]
[BlackElo "1634"]
[PlyCount "75"]
[EventDate "2023.10.07"]
[EventType "team-tourn"]
[EventRounds "11"]
[EventCountry "SVK"]
[SourceTitle "EXT 2025"]
[Source "ChessBase"]
[SourceDate "2024.10.14"]
[SourceVersion "1"]
[SourceVersionDate "2024.10.14"]
[SourceQuality "1"]
[WhiteTeam "Ziharec"]
[BlackTeam "Prievidza II"]
[WhiteTeamCountry "SLO"]
[BlackTeamCountry "SVK"]

1. d4 Nf6 2. c4 e6 3. Nf3 d5 4. Nc3 c6 5. e3 Nbd7 6. Bd3 Bd6 7. 0-0 e5 8. cxd5 cxd5 9. dxe5 Nxe5 10. Bb5+ Bd7 11. Bxd7+ Qxd7 12. Qe2 0-0 13. Rd1 Rfd8 14. b3 Nxf3+ 15. Qxf3 Qe6 16. Bb2 Be5 17. Rac1 Rac8 18. Qe2 Ne4 19. Nb5 Bxb2 20. Qxb2 a6 21. Nd4 Qe5 22. Rxc8 Rxc8 23. Rc1 Qe8 24. f3 Nf6 25. Kf2 Qd7 26. Rc3 g6 27. Qc2 Rxc3 28. Qxc3 Kg7 29. g4 Qxg4 30. Ne2 Qd7 31. Nd4 Kf8 32. Ne2 Qd6 33. Kg2 Qc6 34. Qd4 Qc2 35. Kf2 Kg7 36. Qb6 Qc6 37. Qd4 Kg8 38. Qb2 1/2-1/2

[Event "SVK-chT3B2 2324"]
[Site "Slovakia"]
[Date "2024.02.04"]
[Round "7.4"]
[White "Sliva, Frantisek"]
[Black "Michalec, Juraj"]
[Result "0-1"]
[WhiteElo "1711"]
[BlackElo "1634"]
[PlyCount "76"]
[EventDate "2023.10.15"]
[EventType "team-tourn"]
[EventRounds "11"]
[EventCountry "SVK"]
[SourceTitle "EXT 2025"]
[Source "ChessBase"]
[SourceDate "2024.10.14"]
[SourceVersion "1"]
[SourceVersionDate "2024.10.14"]
[SourceQuality "1"]
[WhiteTeam "Dubnica nad Vahom IV"]
[BlackTeam "Prievidza III"]
[WhiteTeamCountry "SVK"]
[BlackTeamCountry "SVK"]

1. d4 Nf6 2. Nf3 e6 3. e3 d5 4. Bd3 c5 5. c3 Nc6 6. Nbd2 Bd6 7. dxc5 Bxc5 8. b4 Bd6 9. Bb2 e5 10. e4 0-0 11. 0-0 Bg4 12. h3 Bh5 13. a3 dxe4 14. Nxe4 Nxe4 15. Bxe4 Kh8 16. Qa4 Qc7 17. Ng5 h6 18. Bxc6 bxc6 19. Ne4 Be7 20. Rfe1 f5 21. Ng3 Bg6 22. c4 Bf6 23. Rad1 Rad8 24. Qb3 e4 25. Bxf6 Rxf6 26. c5 Rf7 27. Rxd8+ Qxd8 28. Qa4 Qe8 29. Nf1 Rb7 30. Nd2 Qe6 31. Qa6 Qd5 32. Qxb7 Qxd2 33. Rf1 f4 34. Qxc6 e3 35. fxe3 Qxe3+ 36. Kh2 Be4 37. Qe8+ Kh7 38. Qf7 Qg3+ 0-1

[Event "SVK-chT3B2 2223"]
[Site "Slovakia"]
[Date "2022.12.18"]
[Round "4.6"]
[White "Kralik, Erik"]
[Black "Michalec, Juraj"]
[Result "0-1"]
[WhiteElo "1730"]
[BlackElo "1673"]
[PlyCount "36"]
[EventDate "2022.10.23"]
[EventType "team-tourn"]
[EventRounds "11"]
[EventCountry "SVK"]
[SourceTitle "EXT 2024"]
[Source "ChessBase"]
[SourceDate "2023.10.10"]
[SourceVersion "1"]
[SourceVersionDate "2023.10.10"]
[SourceQuality "1"]
[WhiteTeam "Povazske Podhradie II"]
[BlackTeam "Prievidza II"]
[WhiteTeamCountry "SVK"]
[BlackTeamCountry "SVK"]

1. d4 Nf6 2. c4 e6 3. Nf3 d5 4. Nc3 Nbd7 5. Bf4 c6 6. c5 Qa5 7. Bd2 Qc7 8. b4 e5 9. dxe5 Nxe5 10. Nd4 b6 11. Rc1 bxc5 12. bxc5 Bxc5 13. Nb3 Bb6 14. Bg5 Qe7 15. h3 Ba6 16. Nd4 Nd3+ 17. Kd2 Nxc1 18. Nxc6 Qa3 0-1

[Event "SVK-chT3B2 2223"]
[Site "Slovakia"]
[Date "2022.12.04"]
[Round "3.4"]
[White "Michalec, Juraj"]
[Black "Sedlacek, Ondrej"]
[Result "0-1"]
[WhiteElo "1673"]
[BlackElo "1790"]
[PlyCount "78"]
[EventDate "2022.10.23"]
[EventType "team-tourn"]
[EventRounds "11"]
[EventCountry "SVK"]
[SourceTitle "EXT 2024"]
[Source "ChessBase"]
[SourceDate "2023.10.10"]
[SourceVersion "1"]
[SourceVersionDate "2023.10.10"]
[SourceQuality "1"]
[WhiteTeam "Prievidza II"]
[BlackTeam "Trencin PK"]
[WhiteTeamCountry "SVK"]
[BlackTeamCountry "SVK"]

1. e4 e6 2. d4 d5 3. Nc3 Bb4 4. e5 c5 5. a3 Bxc3+ 6. bxc3 Nc6 7. Qg4 Kf8 8. Ne2 Nge7 9. Qg3 Qc7 10. Qd3 b6 11. Ng3 a5 12. Qd1 Ba6 13. Bxa6 Rxa6 14. a4 cxd4 15. cxd4 Nb4 16. 0-0 Nxc2 17. Ra2 Nb4 18. Re2 Ra8 19. Ba3 Qd7 20. Bxb4 axb4 21. Ra2 Nc6 22. Ne2 Ke7 23. Qd2 Rhc8 24. Qg5+ Kf8 25. f4 Ne7 26. g4 h6 27. Qh5 Rxa4 28. Rxa4 Qxa4 29. f5 exf5 30. gxf5 Qc2 31. f6 Qg6+ 32. Qxg6 Nxg6 33. fxg7+ Kxg7 34. Rb1 Rc4 35. Kf2 Ne7 36. Ke3 Nc6 37. Kd3 Kf8 38. Ke3 Ne7 39. Rf1 Kg7 0-1

[Event "SVK-chT3B2 2122"]
[Site "Slovakia"]
[Date "2022.05.22"]
[Round "11.4"]
[White "Michalec, Juraj"]
[Black "Csollar, Tibor"]
[Result "0-1"]
[WhiteElo "1638"]
[BlackElo "1736"]
[PlyCount "66"]
[EventDate "2021.10.24"]
[EventType "team-tourn"]
[EventRounds "11"]
[EventCountry "SVK"]
[SourceTitle "EXT 2024"]
[Source "ChessBase"]
[SourceDate "2023.10.10"]
[SourceVersion "1"]
[SourceVersionDate "2023.10.10"]
[SourceQuality "1"]
[WhiteTeam "Bojnice"]
[BlackTeam "Chynorany"]
[WhiteTeamCountry "SVK"]
[BlackTeamCountry "SVK"]

1. e4 c5 2. Nf3 Nc6 3. d4 cxd4 4. Nxd4 d6 5. Nc3 g6 6. Bc4 Bg7 7. Be3 Nf6 8. f3 0-0 9. Qd2 Ne5 10. Bb3 b6 11. 0-0-0 Bb7 12. Nde2 Rc8 13. Bh6 a6 14. Bxg7 Kxg7 15. Nd5 Bxd5 16. Bxd5 b5 17. Nd4 Rc5 18. f4 Nc4 19. Bxc4 bxc4 20. e5 Ne4 21. Qe3 d5 22. c3 Qa5 23. a3 Rb8 24. f5 Qb6 25. f6+ exf6 26. exf6+ Nxf6 27. Rd2 Ne4 28. Re2 Ra5 29. Kd1 Rxa3 30. bxa3 Qb1+ 31. Qc1 Nxc3+ 32. Kd2 Qd3+ 33. Ke1 Rb1 0-1

[Event "SVK-chT3B2 1920"]
[Site "Slovakia"]
[Date "2020.06.21"]
[Round "10.7"]
[White "Michalec, Juraj"]
[Black "Oswald, Jan"]
[Result "1/2-1/2"]
[WhiteElo "1622"]
[BlackElo "1552"]
[PlyCount "137"]
[EventDate "2019.10.06"]
[EventType "team-tourn"]
[EventRounds "11"]
[EventCountry "SVK"]
[SourceTitle "EXT 2022"]
[Source "ChessBase"]
[SourceDate "2021.10.06"]
[SourceVersion "1"]
[SourceVersionDate "2021.10.06"]
[SourceQuality "1"]
[WhiteTeam "Bojnice"]
[BlackTeam "Handlova"]
[WhiteTeamCountry "SVK"]
[BlackTeamCountry "SVK"]

1. e4 c5 2. Nf3 e6 3. d4 cxd4 4. Nxd4 Nc6 5. Nb5 d6 6. c4 a6 7. N5a3 h6 8. Nc3 Nf6 9. Be2 Be7 10. Be3 0-0 11. f4 Qa5 12. Qd2 Rd8 13. Rd1 d5 14. cxd5 Bxa3 15. bxa3 exd5 16. exd5 Bf5 17. Bf3 Qxa3 18. g4 Nxg4 19. Bxg4 Bxg4 20. Rb1 b5 21. Rg1 Bf5 22. Rd1 Rac8 23. Rg3 Nb4 24. Bd4 Nc2+ 25. Kf1 Nxd4 26. Qxd4 g6 27. Qf6 Qb4 28. Qxf5 Qxc3 29. Rxc3 gxf5 30. Rcd3 Rd6 31. Ke2 Rc2+ 32. R1d2 Rxd2+ 33. Kxd2 Kf8 34. Ke3 a5 35. Kd4 Ke7 36. Ke5 b4 37. Kxf5 Kd7 38. Ke5 a4 39. Kd4 Rf6 40. Rf3 Rf5 41. Kc5 b3 42. axb3 axb3 43. Rxb3 Rxf4 44. Rb7+ Kc8 45. Ra7 Rf2 46. Kd6 f5 47. Ra8+ Kb7 48. Rf8 f4 49. h4 f3 50. Kd7 Rd2 51. d6 f2 52. Ke7 Re2+ 53. Kd8 Kc6 54. d7 Rd2 55. Rf6+ Rd6 56. Rxf2 Rxd7+ 57. Ke8 Rd6 58. Kf7 Kd7 59. Rf4 h5 60. Rf5 Rh6 61. Kg7 Re6 62. Rxh5 Re7+ 63. Kf6 Re6+ 64. Kf5 Ra6 65. Rg5 Ke8 66. Kg4 Kf7 67. Kh5 Rb6 68. Ra5 Kg7 69. Rg5+ 1/2-1/2

[Event "SVK-chT3B2 1920"]
[Site "Slovakia"]
[Date "2020.02.23"]
[Round "9.5"]
[White "Maslak, Peter"]
[Black "Michalec, Juraj"]
[Result "0-1"]
[WhiteElo "1279"]
[BlackElo "1622"]
[PlyCount "70"]
[EventDate "2019.10.06"]
[EventType "team-tourn"]
[EventRounds "11"]
[EventCountry "SVK"]
[SourceTitle "CBM 195 Extra"]
[Source "ChessBase"]
[SourceDate "2020.05.31"]
[SourceVersion "1"]
[SourceVersionDate "2020.05.31"]
[SourceQuality "1"]
[WhiteTeam "Nemsova Horne Srnie II"]
[BlackTeam "Bojnice"]
[WhiteTeamCountry "SVK"]
[BlackTeamCountry "SVK"]

1. e4 c5 2. Nf3 a6 3. b3 d6 4. h3 Nf6 5. Nc3 g6 6. a4 Bg7 7. Rb1 Nc6 8. Be2 Nd4 9. Bd3 0-0 10. 0-0 Nh5 11. Nxd4 cxd4 12. Ne2 e5 13. Ba3 f5 14. exf5 gxf5 15. f4 Rf6 16. fxe5 dxe5 17. Nxd4 Qxd4+ 18. Kh1 Ng3+ 19. Kh2 Nxf1+ 20. Qxf1 Qf4+ 21. Qxf4 exf4 22. Re1 Be6 23. Be7 Rg6 24. Bd6 Bxb3 25. Bxf4 Bxa4 26. Bxf5 Rf6 27. g4 Re8 28. Rc1 Bh6 29. Bxh6 Rxh6 30. d4 Re2+ 31. Kg3 Re3+ 32. Kh2 Rexh3+ 33. Kg2 Bc6+ 34. Kf2 Rf3+ 35. Kg1 Rxf5 0-1

[Event "SVK-chT3B2 1718"]
[Site "Slovakia"]
[Date "2018.02.18"]
[Round "9.8"]
[White "Michalec, Juraj"]
[Black "Zabka, Andrej"]
[Result "1-0"]
[WhiteElo "1000"]
[BlackElo "1000"]
[PlyCount "104"]
[EventDate "2017.10.08"]
[EventType "team-tourn"]
[EventRounds "11"]
[EventCountry "SVK"]
[SourceTitle "EXT 2020"]
[Source "ChessBase"]
[SourceDate "2019.10.17"]
[SourceVersion "1"]
[SourceVersionDate "2019.10.17"]
[SourceQuality "1"]
[WhiteTeam "Bojnice"]
[BlackTeam "Handlova"]
[WhiteTeamCountry "SVK"]
[BlackTeamCountry "SVK"]

1. e4 e5 2. Nf3 Nc6 3. Bc4 Bc5 4. c3 Qf6 5. 0-0 d6 6. b3 Nge7 7. Kh1 h6 8. b4 Bb6 9. a4 a6 10. a5 Ba7 11. Bb2 Be6 12. Qe2 0-0 13. Rd1 d5 14. exd5 Bxd5 15. Bxd5 Nxd5 16. g3 Rae8 17. d3 Qe6 18. Kg2 Nf6 19. Nbd2 e4 20. dxe4 Nxe4 21. Qxe4 Qxe4 22. Nxe4 Rxe4 23. Ng1 Rd8 24. Rxd8+ Nxd8 25. Rd1 Ne6 26. Bc1 Rc4 27. Ne2 Rc6 28. g4 Rc4 29. f4 c5 30. f5 Ng5 31. Rd8+ Kh7 32. Ra8 cxb4 33. Rxa7 bxc3 34. Bxg5 hxg5 35. Rxb7 f6 36. Rb6 c2 37. Nc1 Ra4 38. Rc6 Rxa5 39. Rxc2 Re5 40. Ra2 a5 41. Nb3 Rb5 42. Nxa5 g6 43. fxg6+ Kxg6 44. Nc4 Rb4 45. Ne3 Rb7 46. Rf2 Re7 47. Nd5 Re6 48. Rb2 Re5 49. Rb5 Kf7 50. Nc3 Re3 51. Rb7+ Kg6 52. Nd5 Re8 1-0

[Event "SVK-chT3B2 1718"]
[Site "Slovakia"]
[Date "2018.01.07"]
[Round "7.8"]
[White "Michalec, Juraj"]
[Black "Orgon, Jakub"]
[Result "1-0"]
[WhiteElo "1000"]
[BlackElo "1200"]
[PlyCount "53"]
[EventDate "2017.10.08"]
[EventType "team-tourn"]
[EventRounds "11"]
[EventCountry "SVK"]
[SourceTitle "EXT 2019"]
[Source "ChessBase"]
[SourceDate "2018.10.10"]
[SourceVersion "1"]
[SourceVersionDate "2018.10.10"]
[SourceQuality "1"]
[WhiteTeam "Bojnice"]
[BlackTeam "Dubnica nad Vahom IV"]
[WhiteTeamCountry "SVK"]
[BlackTeamCountry "SVK"]

1. e4 d6 2. d4 Nf6 3. Nc3 g6 4. f4 Bg7 5. Nf3 0-0 6. Bd3 Nbd7 7. e5 dxe5 8. dxe5 Ne8 9. Be3 c6 10. Qe2 Nc7 11. 0-0-0 a5 12. Bc4 b5 13. Bd3 e6 14. g4 a4 15. Ne4 Qe7 16. g5 b4 17. h4 h5 18. gxh6 Bxh6 19. Rdg1 b3 20. a3 bxc2 21. h5 Bg7 22. h6 Bh8 23. h7+ Kg7 24. Qh2 Qh4 25. Qxh4 f5 26. Nd6 Nxe5 27. fxe5 1-0

[Event "SVK-chT3B2 1718"]
[Site "Slovakia"]
[Date "2017.11.19"]
[Round "4.8"]
[White "Michalec, Juraj"]
[Black "Volanek, Maros"]
[Result "1-0"]
[WhiteElo "1000"]
[BlackElo "1131"]
[PlyCount "79"]
[EventDate "2017.10.08"]
[EventType "team-tourn"]
[EventRounds "11"]
[EventCountry "SVK"]
[SourceTitle "EXT 2019"]
[Source "ChessBase"]
[SourceDate "2018.10.10"]
[SourceVersion "1"]
[SourceVersionDate "2018.10.10"]
[SourceQuality "1"]
[WhiteTeam "Bojnice"]
[BlackTeam "Povazske Podhradie II"]
[WhiteTeamCountry "SVK"]
[BlackTeamCountry "SVK"]

1. e4 e5 2. Nf3 Nc6 3. Bb5 Nf6 4. 0-0 Bc5 5. Bxc6 dxc6 6. Nxe5 0-0 7. d3 Re8 8. Nf3 Bg4 9. Bg5 h6 10. Be3 Bxe3 11. fxe3 Bxf3 12. Qxf3 b5 13. Nc3 a5 14. Ne2 Rb8 15. Ng3 Qd7 16. Nf5 Kh7 17. Nxg7 Kxg7 18. Qxf6+ Kg8 19. Rf3 Kh7 20. Rh3 Qxh3 21. gxh3 Rg8+ 22. Kf2 Rg6 23. Qxf7+ Rg7 24. Qf5+ Kg8 25. Qe6+ Kh8 26. Qxh6+ Kg8 27. Qe6+ Kh8 28. Qf6 Kg8 29. Rg1 Rxg1 30. Kxg1 Rf8 31. Qg6+ Kh8 32. Qxc6 Rg8+ 33. Kf2 Rf8+ 34. Ke2 Rf7 35. Qxb5 Rg7 36. e5 Rg2+ 37. Kd1 Rg8 38. e6 Kg7 39. Qd7+ Kf8 40. Qf7# 1-0